000 01182cam a22002771 4500
001 e 49000031
003 DLC
005 20260227111233.0
008 800422s1949 dcu f000 0 eng c
010 _ae 49000031
035 _a(OCoLC)6231140
040 _aU.S. Office of Education Library
_cNNU
_dOCoLC
_dDLC
042 _apremarc
050 0 0 _aLC1045
_b.A25 no. 241
082 _a650.7
100 1 _aKyker, Benjamin Franklin,
_d1893-
245 1 0 _aBusiness experience for business teachers;
_bplans and procedures.
260 _aWashington,
_bU.S. Govt. Print. Off.,
_c1949
300 _aii, 11 p.
_c23 cm.
490 1 _a[U. S.] Office of Education. Vocational Division. Bulletin
_vno. 241
490 1 _aBusiness education series
_vno. 18
501 _aWith : Guide to occupational choice and training / Walter James Greenleaf. Washington : Govt. Print. Off., 1947. Bound together subsequent to publication.
_5DLC
650 0 _aBusiness education
_zUnited States.
810 1 _aUnited States.
_bOffice of Education.
_bVocational division.
_tBulletin ;
_vno. 241.
810 1 _aUnited States.
_bOffice of Education.
_bVocational division.
_tBusiness education series ;
_vno. 18.
999 _c22103
_d22103